|
|
|
|
| LEADER |
01990nam a2200553 i 4500 |
| 001 |
nkc20193122151 |
| 003 |
CZ PrNK |
| 005 |
20191108092943.0 |
| 007 |
ta |
| 008 |
190904s2019 xr g 000 facze |
| 015 |
|
|
|a cnb003122151
|
| 020 |
|
|
|a 978-80-7577-953-3
|q (brožováno) :
|c Kč 349,00
|
| 035 |
|
|
|a (OCoLC)1130284426
|
| 040 |
|
|
|a ABG001
|b cze
|e rda
|
| 041 |
1 |
|
|a cze
|h eng
|
| 043 |
|
|
|a e-uk---
|
| 045 |
|
|
|a x7y1
|
| 072 |
|
7 |
|a 821.111-3
|x Anglická próza, anglicky psaná
|2 Konspekt
|9 25
|
| 072 |
|
7 |
|a 929
|x Biografie
|2 Konspekt
|9 8
|
| 080 |
|
|
|a 821.111-31
|2 MRF
|
| 080 |
|
|
|a 791/792.071.2
|2 MRF
|
| 080 |
|
|
|a 929
|2 MRF
|
| 080 |
|
|
|a (410)
|2 MRF
|
| 080 |
|
|
|a (0:82-312.6)
|2 MRF
|
| 100 |
1 |
|
|a Webb, Robert,
|d 1972-
|7 xx0239407
|4 aut
|
| 240 |
1 |
0 |
|a How not to be a boy.
|l Česky
|
| 245 |
1 |
0 |
|a Jak nebýt kluk /
|c Robert Webb ; z anglického originálu How not to be a boy ... přeložil Vratislav Kadlec
|
| 250 |
|
|
|a První vydání
|
| 264 |
|
1 |
|a Brno :
|b Host,
|c 2019
|
| 300 |
|
|
|a 359 stran ;
|c 21 cm
|
| 336 |
|
|
|a text
|b txt
|2 rdacontent
|
| 337 |
|
|
|a bez média
|b n
|2 rdamedia
|
| 338 |
|
|
|a svazek
|b nc
|2 rdacarrier
|
| 600 |
1 |
7 |
|a Webb, Robert,
|d 1972-
|7 xx0239407
|2 czenas
|
| 648 |
|
7 |
|a 20.-21. století
|7 ch462155
|2 czenas
|
| 650 |
0 |
7 |
|a herci
|7 ph117199
|z Velká Británie
|y 20.-21. století
|2 czenas
|
| 650 |
0 |
9 |
|a actors
|z Great Britain
|y 20th-21st centuries
|2 eczenas
|
| 655 |
|
7 |
|a anglické romány
|7 fd131814
|2 czenas
|
| 655 |
|
7 |
|a autobiografické romány
|7 fd131852
|2 czenas
|
| 655 |
|
9 |
|a English fiction
|2 eczenas
|
| 655 |
|
9 |
|a autobiographical novels
|2 eczenas
|
| 700 |
1 |
|
|a Kadlec, Vratislav,
|d 1981-
|7 js20030216031
|4 trl
|
| 910 |
2 |
|
|a BOA001
|b 2-1433.724
|
| 920 |
|
|
|a 4495448
|z ABG001
|
| 990 |
|
|
|a BK
|
| 995 |
|
|
|a 01
|
| 991 |
|
|
|b 201910
|c NOV
|
| 996 |
6 |
|
|b 2610799023
|c 2-1433.724
|l MZK
|r Sklad / do 1 hodiny
|n 0
|p p.v.
|w 001759325
|u 000010
|a 1
|e BOA001
|j MZK50
|s P
|
| 996 |
7 |
|
|b 2610799024
|c 2-1433.724
|l MZK
|r Sklad / do 1 hodiny
|n 1
|p p.v.
|w 001759325
|u 000020
|a 1
|e BOA001
|j MZK50
|s A
|